Western Civilizations (Record no. 3336)
[ view plain ]
| 000 -LEADER | |
|---|---|
| fixed length control field | 00392nam a22001457a 4500 |
| 008 - FIXED-LENGTH DATA ELEMENTS--GENERAL INFORMATION | |
| fixed length control field | 250507b |||||||| |||| 00| 0 eng d |
| 020 ## - INTERNATIONAL STANDARD BOOK NUMBER | |
| ISBN | 9780393680720 |
| 100 ## - MAIN ENTRY--AUTHOR | |
| Author | Cole Joshua |
| 245 ## - TITLE STATEMENT | |
| Title | Western Civilizations |
| Remainder of title | Their History And Their Culture |
| 250 ## - EDITION STATEMENT | |
| Edition statement | 5th |
| 260 ## - PUBLICATION, DISTRIBUTION, ETC. (IMPRINT) | |
| Place of publication | Canada |
| Name of publisher | W.W. Norton and Company Inc. |
| Date of publication | 2020 |
| 300 ## - COLLATION | |
| Pagination | xxxviii 1069P. |
| 942 ## - ADDED ENTRY ELEMENTS (KOHA) | |
| Item type | Books |
| 050 ## - LIBRARY OF CONGRESS CALL NUMBER | |
| Classification number | CB245 |
| Item number | .C56 |
| Source of classification or shelving scheme | Not for loan | Permanent location | Current location | Date acquired | Accession No. | Full call number | Barcode. | Koha item type |
|---|---|---|---|---|---|---|---|---|
| Library of Congress Classification | Samuel Ogbemudia Main Library, University of Abuja | Samuel Ogbemudia Main Library, University of Abuja | 05/07/2025 | 2024/64256 | CB245.C56 | 2025-1794 | Books |